Paramount Leaders of Communist China (Extended) - Statistics

General Stats
  • This quiz has been taken 21 times
  • The average score is 6 of 10
Answer Stats
Picture Hint Answer % Correct
1935-1976 Mao Zedong
100%
2012- Xi Jinping
100%
1978-1989 Deng Xiaoping
95%
2002-2012 Hu Jintao
84%
1989-2002 Jiang Zemin
84%
1976-1978 Hua Guofeng
63%
1931-1935* Bo Gu
37%
1921-1927 Chen Duxiu
37%
1928-1931 Li Lisan
26%
1927-1928 Qu Qiubai
16%
No matching quizzes found
Score Distribution
Percent of People with Each Score
Percentile by Number Answered
Your Score History
You have not taken this quiz